000 00637cam a2200241 4500
008 090401t1994 xxu||||| |||| 00| 0 eng d
020 _a085459700X
035 _a(Sirsi) u66891
041 _aeng
050 _a336.271
100 _aCrooks, Robert
245 _aTolley`s VAT on construction land and property.
250 _a3rd ed.
260 _aCroydon
_bTolley Publishing Company Limited
_c1994
300 _axix,199p. ; 23cm.
350 _a27.95
520 _aPrevious editions by A.D. Buckett.
650 _aBUILDING INDUSTRY
650 _aVALUE ADDED TAX
690 _aTAXATION
942 _n0
948 _c04/03/1997
999 _c94958
_d94958